000 00752nam a22002177a 4500
999 _c3246
_d3246
003 AR-CdUCM
008 190306b ||||| |||| 00| 0 spa d
040 _aMUNICIPALIDAD PROVINCIAL DEL CUSCO
_cBIBLIOTECA MUNICIPAL DEL CUSCO
082 _a869.50 /
_bV144
100 _aValdelomar, Abrahan
_910842
245 _aPoesía y estética /
260 _aLima :
_bUniverso,
_c1971.
300 _a129 páginas ;
_c17 cm.
440 _aColección autores peruanos
_9864
505 _aContenido: Ha vivido mi alma -- La ofrenda de odhar... -- Los violines Húngaros -- Las últimas tardes -- Intima...
650 _aPoesías peruanas
_91481
650 _aSiglo XX
_98
650 _aColección autores peruanos
_910843
942 _2ddc
_cLIBROS
945 _adavv